000 01326cam a2200385 i 4500
999 _c40664
_d40664
001 17031831
003 OSt
005 20200606120103.0
008 110912s2011 ii 000 0dhino
010 _a 2011352103
020 _z9788188214957
025 _aI-H-2011-352103; 12
035 _a(IN-NdSP) 2011352103
037 _bLibrary of Congress -- New Delhi Overseas Office
040 _aDLC
_beng
_cMESKC library
_dDLC
_erda
042 _alcode
_apcc
043 _aa-ii---
050 0 0 _aPK2098.42.I3367
_bZ46 2011
082 _a920
_bVID/S
100 1 _aVidyārthī, Śyāma,
_d1949-
_9107
245 1 0 _aSmr̥ti-vātāyana /
_cŚyāma Vidyārthī.
250 _aSaṃskaraṇa prathama.
264 1 _aIlāhābāda :
_bVibhā Prakāśana,
_c2011.
300 _a152 pages ;
_c22 cm
336 _atext
_2rdacontent
337 _aunmediated
_2rdamedia
338 _avolume
_2rdacarrier
520 _aMemoirs of a Hindi author about literary personalities, friends and associates.
546 _aIn Hindi.
600 1 0 _aVidyārthī, Śyāma,
_d1949-
_xFriends and associates.
650 0 _aHindi literature
_y20th century
_xHistory and criticism.
906 _a7
_bcbc
_corigode
_d3
_encip
_f20
_gy-nonroman
942 _2ddc
_cBK
_h920
_iVID/S
_k920
_mVID/S